Lokálny ekonomický vplyv univerzitných študentov na rast dopytu v hostiteľskom meste (Prípadová štúdia Ekonomickej univerzity v Bratislave)

Krátkodobý ekonomický vplyv Ekonomickej univerzity v Bratislave, ktorý je výsledkom rastu dopytu spôsobený prítomnosťou univerzitných študentov v meste Bratislava. Percentuálna štruktúra študentov s vplyvom na mesto Bratislava. Celkové ročné výdavky študentov EUBA. Rozdelenie výdavkov študentov do o...

Full description

Saved in:
Bibliographic Details
Main Author: Sekelský, Lukáš
Format: Book Chapter
Language:Slovak
Subjects:
Tags: Add Tag
No Tags, Be the first to tag this record!

MARC

LEADER 00000naa$a2200000$$$4500
001 0250422
005 20240502134755.8
041 0 |a slo 
044 |a SK 
245 1 0 |a Lokálny ekonomický vplyv univerzitných študentov na rast dopytu v hostiteľskom meste (Prípadová štúdia Ekonomickej univerzity v Bratislave)  |c Lukáš Sekelský 
520 |a Krátkodobý ekonomický vplyv Ekonomickej univerzity v Bratislave, ktorý je výsledkom rastu dopytu spôsobený prítomnosťou univerzitných študentov v meste Bratislava. Percentuálna štruktúra študentov s vplyvom na mesto Bratislava. Celkové ročné výdavky študentov EUBA. Rozdelenie výdavkov študentov do odvetví podľa SK NACE. Multiplikované vplyvy výdavkov študentov Ekonomickej univerzity v Bratislave na Bratislavský kraj. 
610 2 0 |a univerzity 
610 2 0 |a študenti 
610 2 0 |a výdavky 
610 2 0 |a mestá 
610 2 0 |a kraje 
610 2 0 |a input-output 
610 2 0 |a prieskum 
610 2 0 |a štúdie prípadové 
610 2 0 |a Slovensko 
100 1 |a Sekelský, Lukáš